|
|
|
|
| LEADER |
01635nam a2200409Ia 4500 |
| 001 |
EBC477235 |
| 003 |
MiAaPQ |
| 005 |
20200520144314.0 |
| 006 |
m o d | |
| 007 |
cr cn||||||||| |
| 008 |
090701s2009 si ab sb 001 0 eng d |
| 010 |
|
|
|z 2009284737
|
| 020 |
|
|
|z 9789812814210
|
| 020 |
|
|
|z 9812814213
|
| 035 |
|
|
|a (MiAaPQ)EBC477235
|
| 035 |
|
|
|a (Au-PeEL)EBL477235
|
| 035 |
|
|
|a (CaPaEBR)ebr10361845
|
| 035 |
|
|
|a (CaONFJC)MIL244118
|
| 035 |
|
|
|a (OCoLC)608624733
|
| 040 |
|
|
|a MiAaPQ
|c MiAaPQ
|d MiAaPQ
|
| 050 |
|
4 |
|a HC430.6
|b .R387 2009
|
| 100 |
1 |
|
|a Rana, Pradumna Bickram,
|d 1947-
|
| 245 |
1 |
0 |
|a South Asia
|h [electronic resource] :
|b rising to the challenge of globalization /
|c Pradumna B. Rana, John Malcolm Dowling.
|
| 260 |
|
|
|a Singapore ;
|a Hackensack, NJ :
|b World Scientific,
|c c2009.
|
| 300 |
|
|
|a xxii, 257 p. :
|b ill., col. maps.
|
| 504 |
|
|
|a Includes bibliographical references and indexes.
|
| 533 |
|
|
|a Electronic reproduction. Ann Arbor, MI : ProQuest, 2015. Available via World Wide Web. Access may be limited to ProQuest affiliated libraries.
|
| 650 |
|
0 |
|a Globalization
|x Economic aspects
|z South Asia.
|
| 651 |
|
0 |
|a South Asia
|x Economic policy.
|
| 651 |
|
0 |
|a South Asia
|x Economic conditions.
|
| 651 |
|
0 |
|a South Asia
|x Economic integration.
|
| 651 |
|
0 |
|a East Asia
|x Foreign economic relations
|z South Asia.
|
| 651 |
|
0 |
|a South Asia
|x Foreign economic relations
|z East Asia.
|
| 655 |
|
4 |
|a Electronic books.
|
| 700 |
1 |
|
|a Dowling, J. Malcolm
|q (John Malcolm)
|
| 710 |
2 |
|
|a ProQuest (Firm)
|
| 856 |
4 |
0 |
|u https://ebookcentral.proquest.com/lib/matrademy/detail.action?docID=477235
|z Click to View
|